Contemporary Chinese Diplomacy (Chinese) / (Record no. 601635)

000 -LEADER
fixed length control field 00366nam a2200133Ia 4500
008 - FIXED-LENGTH DATA ELEMENTS--GENERAL INFORMATION
fixed length control field 230907s9999||||xx |||||||||||||| ||und||
082 ## - DEWEY DECIMAL CLASSIFICATION NUMBER
Classification number 327.51
Author Mark ZHA
100 ## - MAIN ENTRY--PERSONAL NAME
Personal name Zhang, Qingmin.
245 #0 - TITLE STATEMENT
Title Contemporary Chinese Diplomacy (Chinese) /
260 ## - PUBLICATION, DISTRIBUTION, ETC.
Place of publication, distribution, etc. China Intercontinental press,
Name of publisher, distributor, etc. :
Date of publication, distribution, etc. 2019
300 ## - PHYSICAL DESCRIPTION
Extent 178 p.
650 ## - SUBJECT ADDED ENTRY--TOPICAL TERM
Topical term or geographic name entry element Chinese Studies
9 (RLIN) 116216
942 ## - ADDED ENTRY ELEMENTS (KOHA)
Koha item type Book
Holdings
Withdrawn status Lost status Damaged status Not for loan Permanent Location Current Location Date acquired Total Checkouts Full call number Barcode Date last seen Price effective from Koha item type
        US-Pakistan Center for Advanced Studies in Energy (USPCAS-E) US-Pakistan Center for Advanced Studies in Energy (USPCAS-E) 12/09/2021   327.51 ZHA CAS-ED000025 09/12/2023 09/12/2023 Book
© 2023 Central Library, National University of Sciences and Technology. All Rights Reserved.